Humanity amidst insanity : (Record no. 42281)

MARC details
000 -LEADER
fixed length control field 01002nam a22002657a 4500
005 - DATE AND TIME OF LATEST TRANSACTION
control field 2010081702232.0
010 ## - LCCN (DPL NO)
LC control number ENG-100668
020 ## - INTERNATIONAL STANDARD BOOK NUMBER
International Standard Book Number 9788174766304
Terms of availability 295.00
035 ## - SYSTEM CONTROL NUMBER
System control number EN-84201
037 ## - SOURCE OF ACQUISITION
Source of stock number/acquisition DBAD/PUB
082 ## - DEWEY DECIMAL CLASSIFICATION NUMBER
Classification number 954.0842
100 ## - MAIN ENTRY--PERSONAL NAME
Personal name Maini, Tridivesh Singh
245 ## - TITLE STATEMENT
Title Humanity amidst insanity :
Remainder of title hope during and after the Indo-Pak partition /
Statement of responsibility, etc by Tridivesh Singh Maini, Tahir Javed Malik [and] Ali Farooq Malik
260 ## - PUBLICATION, DISTRIBUTION, ETC. (IMPRINT)
Place of publication, distribution, etc New Delhi
Name of publisher, distributor, etc UBS Publishers
Date of publication, distribution, etc 2009
270 ## - ADDRESS
Address 5 Ansari Road
City New Delhi
Postal code 110002
300 ## - PHYSICAL DESCRIPTION
Extent xi,186p.
Dimensions 22cm (pbk)
500 ## - GENERAL NOTE
General note includes bibliographical references
650 ## - SUBJECT ADDED ENTRY--TOPICAL TERM
Geographic subdivision India
650 ## - SUBJECT ADDED ENTRY--TOPICAL TERM
Geographic subdivision Pakistan
650 ## - SUBJECT ADDED ENTRY--TOPICAL TERM
Geographic subdivision Partition of India
700 ## - ADDED ENTRY--PERSONAL NAME
Personal name Malik, Tahir Javed
9 (RLIN) 14345
700 ## - ADDED ENTRY--PERSONAL NAME
Personal name Malik, Ali Farooq
9 (RLIN) 14346
942 ## - ADDED ENTRY ELEMENTS (KOHA)
Source of classification or shelving scheme Dewey Decimal Classification
Item type English Books
Classification part 954.0842
Call number suffix MAI
Holdings
Withdrawn status Lost status Not for loan Collection code Home library Current library Date acquired Source of acquisition Cost, normal purchase price Full call number Barcode Copy number Cost, replacement price Koha item type
    Not For Loan Non-fiction D.B.Act.Division D.B.Act.Division 17/08/2010 DBAD/PUB 295.00 954.0842 MAI EN-84201 1 295.00 English Books

© Delhi Public Library
Hit Counter
free hit counter